00470nam a2200145Ia 4500008004100000020001800041082001300059100002400072245005000096260003600146300001200182942000700194999001900201952010400220191014s9999 xx 000 0 und d a0-631-16847-8 a113bSTE aLan Stewart 920420 0aDoes God Play Dice? The Mathematics of Chaos  aUKbBilling and Sons Ltd.c1990 aPeg,348 cBK c531002d531002 00104070aSNSbSNSd2019-10-15eDonationg0.00l0o113STEpSNS0002779r2019-10-15w2019-10-15yBK